000 00292nam a2200121Ia 4500
008 190216s9999||||xx |||||||||||||| ||und||
100 _aGupta S L And Kumar V
245 0 _aStatistical Mechanics
260 _bPragathi Prakashan
_c1976
300 _a323p
650 _aPhysics
942 _cBK
999 _c32831
_d32831